| 000 | 00679nam a2200145 a 4500 | ||
|---|---|---|---|
| 008 | 100305s1994 xx |||||||||||||| || u | ||
| 050 | _aUN-ECA(01)PADIS | ||
| 100 | _aMenou, Michel J | ||
| 245 | 1 | 0 |
_aFrom data to wisdom : does I.T. contribute to the gross national happiness? _cby Michel J. Menou |
| 260 |
_a _bUNITED NATIONS ECONOMIC COMMISSION FOR AFRICA(UNECA) _c1994 |
||
| 350 | _a0.00 | ||
| 650 | 0 | _aINFORMATION TECHNOLOGY--ECONOMIC ASPECTS | |
| 710 | _aUnited Nations Economic Commission For Africa(UNECA) | ||
| 995 |
_D0.00 _FCBU-MAIN LIBRARY (Kitwe) _H1 _I0.00 _M1 _UAVAILABLE _WMar 5, 2010 _ZInternational Publications |
||
| 999 |
_c44013 _d44013 |
||